| 000 | 00967pam a2200265 a 4500 | ||
|---|---|---|---|
| 001 | 015790171 | ||
| 003 | Uk | ||
| 005 | 20111130120238.0 | ||
| 008 | 110407s2011 enkab b 001 0 eng d | ||
| 020 | _a1408284472 | ||
| 020 | _a9781408284476 | ||
| 082 | 0 | 4 |
_a338.90091724 _222 _bTOD |
| 100 | 1 |
_aTodaro, Michael P. _930224 |
|
| 245 | 1 | 0 |
_aEconomic Development / _cMichael P. Todaro, Stephen C. Smith. |
| 250 | _a11th ed. | ||
| 260 |
_aHarlow : _bAddison Wesley, _c2011. |
||
| 300 |
_axxvii, 801 p. : _bill., maps ; _c26 cm. |
||
| 504 | _aIncludes bibliographical references and index. | ||
| 651 | 0 |
_aDeveloping countries _xEconomic conditions. _930225 |
|
| 651 | 0 |
_aDeveloping countries _xEconomic policy. _930226 |
|
| 653 |
_bEco _cJune2012 |
||
| 700 | 1 |
_aSmith, Stephen C., _d1955- _930227 |
|
| 942 |
_2ddc _cBB |
||
| 999 |
_c16795 _d16795 |
||